Szczegóły MARC21

Wortschätze und Sprachwelten : Beiträge zu Sprachtypologie, kontrastiver Wort- bzw. Wortschatzforschung und Pragmatik /

003 -Nazwa inst., której nr kontr. jest w polu 001 [,]
    • @
    • Nazwa instytucji, której n kontrolny jest w polu 001
    • NUKAT
005 -DATA I CZAS OSTATNIEJ MODYFIKACJI [,]
    • @
    • pole kontrolne
    • 20241231115101.0
020 -Międzynarod. znormalizowany nr książki - ISBN [ , ]
    • a
    • Numer ISBN
    • 9783631792155 Find
    • q
    • Dopowiedzenie
    • print
020 -Międzynarod. znormalizowany nr książki - ISBN [ , ]
    • a
    • Numer ISBN
    • 9783631792759 Find
    • q
    • Dopowiedzenie
    • E-PDF
020 -Międzynarod. znormalizowany nr książki - ISBN [ , ]
    • a
    • Numer ISBN
    • 9783631792766 Find
    • q
    • Dopowiedzenie
    • EPUB
020 -Międzynarod. znormalizowany nr książki - ISBN [ , ]
    • a
    • Numer ISBN
    • 9783631792773 Find
    • q
    • Dopowiedzenie
    • MOBI
040 -Instytucja sporządzająca opis [ , ]
    • a
    • Instytucja, która sporządziła opis (NP)
    • SZCZ U/ML
    • b
    • Język katalogowania
    • pol
    • e
    • Zasady katalogowania
    • rda
    • c
    • Instytucja, która sporządziła rekord (NP)
    • SZCZ U/MLs
942 -Rodzaj dokumentu [ , ]
    • c
    • Rodzaj dokumentu
    • Książka
245 -Strefa tytułu i oznaczenia odpowiedzialności [0,0]
    • a
    • Tytuł
    • Wortschätze und Sprachwelten : Find
    • b
    • Ciąg dalszy tytułu (NP)
    • Beiträge zu Sprachtypologie, kontrastiver Wort- bzw. Wortschatzforschung und Pragmatik / Find
    • c
    • Pozostałe elementy strefy tytułu i oznaczenia odpowiedzialności (NP)
    • Michail L. Kotin (Hrsg.).
260 -Strefa adresu wydawniczego [ , ]
    • a
    • Miejsce wydania (P)
    • Berlin :
    • b
    • Nazwa wydawcy (P)
    • Peter Lang GmbH Internationaler Verlag der Wissenschaften,
    • c
    • Data wydania (P)
    • © 2019.
300 -Strefa opisu fizycznego [ , ]
    • a
    • Określenie formy książki i/lub objętość (NP)
    • 298 stron :
    • b
    • Oznaczenie ilustracji (NP)
    • ilustracje (w tym kolorowe) ;
    • c
    • Format (NP)
    • 22 cm.
336 -Typ zawartości [ , ]
    • a
    • Termin opisujący typ zawartości
    • Tekst
    • b
    • Kod określający zawartość
    • txt
    • 2
    • Źródło (terminu i kodu)
    • rdacontent
337 -Typ mediów [ , ]
    • a
    • Tryb odtwarzania
    • Bez urządzenia pośredniczącego
    • b
    • Kod typu mediów
    • n
    • 2
    • Źródło (terminu i kodu)
    • rdamedia
338 -Typ/rodzaj nośnika [ , ]
    • a
    • Hasło opisujące typ nośnika
    • Wolumin
    • b
    • Kod typu nośnika
    • nc
    • 2
    • Źródło (terminu i kodu)
    • rdacarrier
490 -Strefa serii i książki wielotomowej - forma nie do wyszukiwania [1, ]
    • a
    • Tytuł (P)
    • Sprach- und Kulturkontakte in Europas Mitte : Studien zur Slawistik und Germanistik, Find
    • x
    • ISSN (NP)
    • 2192-7170 ;
    • v
    • Numeracja (P)
    • Bd. 10
830 -Hasło dodatkowe serii i opisu książki wielotomowej - tytuł ujednolicony/tytuł [ ,0]
    • a
    • Tytuł ujednolicony/tytuł (NP)
    • Sprach- und Kulturkontakte in Europas Mitte
    • x
    • ISSN
    • 2192-7170
    • v
    • Oznaczenie tomu (NP)
    • Bd. 10
    • 9
    • KHW
    • 426493
504 -Uwaga dot. bibliogr. załącznikowej [ , ]
    • a
    • Uwaga dot. bibliografii załącznikowej
    • Bibliografia przy rozdziałach. Indeks.
536 -Uwaga dot. finansowania książki [ , ]
    • a
    • Tekst uwagi
    • Die Publikation erfolgt mit finanzieller Unterstützung der Universität in Zielona Góra (Polen)
650 -Hasło przedmiotowe [ ,7]
    • a
    • Hasło przedmiotowe
    • Typologia (językoznawstwo).
    • 2
    • Źródło terminu
    • kaba
    • 9
    • KHW
    • 134137
650 -Hasło przedmiotowe [ ,7]
    • a
    • Hasło przedmiotowe
    • Słownictwo.
    • 2
    • Źródło terminu
    • kaba
    • 9
    • KHW
    • 132761
650 -Hasło przedmiotowe [ ,7]
    • a
    • Hasło przedmiotowe
    • Pragmatyka (językoznawstwo).
    • 2
    • Źródło terminu
    • kaba
    • 9
    • KHW
    • 125590
700 -Hasło dodatkowe - nazwa osobowa [1, ]
    • a
    • Nazwa osobowa (NP)
    • Kotin, Mihail L'vovič Find
    • d
    • Daty biograficzne (NP)
    • (1959- ).
    • e
    • Określenie rodzaju współpracy
    • Redakcja
    • 9
    • KHW
    • 560163
710 -Hasło dodatkowe - nazwa ciała zbiorowego [2, ]
    • a
    • Nazwa ciała zbiorowego lub nazwa geograficzna jako pierwszy element (NP)
    • Verlag Peter Lang.
    • e
    • Rodzaj współpracy
    • Wydawca
    • 4
    • Kod relacji
    • pbl
    • 9
    • KHW
    • 613284
920 -ISBN [ , ]
    • a
    • ISBN
    • 978-3-631-79215-5 Find
    • q
    • Dopowiedzenie
    • print
920 -ISBN [ , ]
    • a
    • ISBN
    • 978-3-631-79275-9 Find
    • q
    • Dopowiedzenie
    • E-PDF
920 -ISBN [ , ]
    • a
    • ISBN
    • 978-3-631-79276-6 Find
    • q
    • Dopowiedzenie
    • EPUB
920 -ISBN [ , ]
    • a
    • ISBN
    • 978-3-631-79277-3 Find
    • q
    • Dopowiedzenie
    • MOBI
Data inwentaryzacji Sygnatura Status udost. Lokalizacja Numer inwentarzowy
2020-10-05GERM. Językoznawstwo 191BMG.21358